LEADER 03690nam 2200721 a 450 001 9910781203603321 005 20230725050541.0 010 $a0-8389-9041-X 010 $a1-283-14803-X 010 $a9786613148032 010 $a0-8389-9899-2 035 $a(CKB)2550000000039767 035 $a(EBL)718901 035 $a(OCoLC)739049503 035 $a(SSID)ssj0000534977 035 $a(PQKBManifestationID)12179702 035 $a(PQKBTitleCode)TC0000534977 035 $a(PQKBWorkID)10520575 035 $a(PQKB)10756710 035 $a(MiAaPQ)EBC718901 035 $a(Au-PeEL)EBL718901 035 $a(CaPaEBR)ebr10482272 035 $a(CaONFJC)MIL314803 035 $a(EXLCZ)992550000000039767 100 $a20091028d2010 uy 0 101 0 $aeng 135 $aurcn||||||||| 181 $ctxt 182 $cc 183 $acr 200 00$aChildren's services$b[electronic resource] $epartnerships for success /$fedited by Betsy Diamant-Cohen 210 $aChicago $cAmerican Library Association$d2010 215 $a1 online resource (129 p.) 225 1 $aALA public library handbook series 300 $aDescription based upon print version of record. 311 $a0-8389-1044-0 320 $aIncludes bibliographical references and index. 327 $aThe Big Tree Library / Janet Johnson -- Crossing cultural borders : serving immigrant families / Dorothy Stoltz ... [et al.] -- Language fun storytime : serving children with speech and language delays / Tess Prendergast and Rhea Lazar -- Reaching Little Heights / Catherine Hakala-Ausperk -- Thrive by Five reading readiness initiative / Elizabeth M. Gray and Candelaria Mendoza -- Inviting police to read at your library / Linda Schwartz -- Children of incarcerated parents : public libraries reaching out / Shelley Quezada -- ReadsinMA.org : statewide summer reading program goes online / Maureen Ambrosino -- BLAST school outreach program / Georgene DeFilippo -- Braille that stands out in more ways than one / Deborah J. Margolis -- Party with your partners : plan a kids' book fest! / Starr LaTronica -- Borrow a book-- at the museum / Carol Sandler -- Countdown to kindergarten / Jeri Robinson and Krystal Beaulieu -- Saving money through family literacy collaborations / Wendy Blackwell ... [et al.] -- Small libraries help one another in a big way / Leah Wagner -- SmartArt / Ellen Riordan and Emily Blumenthal -- Teaching storytelling to youth : a library, a school, and an art institute collaborate / Cathy Lancaster and Brenda Harris -- Science in the summer / Margie Stern. 330 $aBetsy Diamant-Cohen brings together 18 examples of successful outreach partnerships that children's librarians and administrators can adapt to their own situations. 410 0$aALA public library handbook series. 606 $aChildren's libraries$zUnited States 606 $aChildren's libraries$zCanada 606 $aLibrary outreach programs$vCase studies 606 $aLibraries and schools$vCase studies 606 $aLibraries and community$vCase studies 606 $aReading promotion$vCase studies 606 $aLiteracy programs$vCase studies 615 0$aChildren's libraries 615 0$aChildren's libraries 615 0$aLibrary outreach programs 615 0$aLibraries and schools 615 0$aLibraries and community 615 0$aReading promotion 615 0$aLiteracy programs 676 $a027.62/50973 701 $aDiamant-Cohen$b Betsy$01476775 801 0$bMiAaPQ 801 1$bMiAaPQ 801 2$bMiAaPQ 906 $aBOOK 912 $a9910781203603321 996 $aChildren's services$93691551 997 $aUNINA LEADER 04406oam 2200697I 450 001 9910790791103321 005 20190503073416.0 010 $a0-262-31827-X 010 $a0-262-31826-1 035 $a(CKB)2550000001144890 035 $a(EBL)3339699 035 $a(SSID)ssj0001047421 035 $a(PQKBManifestationID)12354422 035 $a(PQKBTitleCode)TC0001047421 035 $a(PQKBWorkID)11158538 035 $a(PQKB)11196859 035 $a(MiAaPQ)EBC3339699 035 $a(OCoLC)862076943$z(OCoLC)862370222 035 $a(OCoLC-P)862076943 035 $a(MaCbMITP)9534 035 $a(Au-PeEL)EBL3339699 035 $a(CaPaEBR)ebr10791806 035 $a(CaONFJC)MIL540366 035 $a(OCoLC)862370222 035 $a(EXLCZ)992550000001144890 100 $a20131104d2014 uy 0 101 0 $aeng 135 $aur|n|---||||| 181 $ctxt 182 $cc 183 $acr 200 10$aDynamics among nations $ethe evolution of legitimacy and development in modern states /$fHilton L. Root 210 1$aCambridge, Massachusetts :$cThe MIT Press,$d[2013] 215 $a1 online resource (347 p.) 300 $aDescription based upon print version of record. 311 $a1-306-09115-2 311 $a0-262-01970-1 320 $aIncludes bibliographical references and index. 327 $aContents; Preface and Acknowledgments; 1 Post-Globalization: Complexity in the Governance of a Networked Global Society; 2 Opening the Doors of Complexity; 3 Economic Incentives and the Replication of Social Complexity; 4 Coevolution versus Liberal Internationalism; 5 Promises and Pitfalls of New Institutional Economics; 6 Dancing Landscapes: How Interdependency Shapes the Optimization Challenge of Globalization; 7 Accelerators of "Stateness": System Structure and Network Behavior in the Making of the Modern State; 8 Democracy's Hybrid Architecture 327 $a9 Achieving State Capacity: Parallel Political Modernization in China and Europe10 Does China Challenge the Global Legitimacy of Liberalism?; 11 No Captain at the Helm; Glossary; Notes; References; Index 330 $a"Liberal internationalism has been the West's foreign policy agenda since the Cold War, and the West has long occupied the top rung of a hierarchical system. In this book, Hilton Root argues that international relations, like other complex ecosystems, exists in a constantly shifting landscape, in which hierarchical structures are giving way to systems of networked interdependence, changing every facet of global interaction. Accordingly, policymakers will need a new way to understand the process of change. Root suggests that the science of complex systems offers an analytical framework to explain the unforeseen development failures, governance trends, and alliance shifts in today's global political economy. Root examines both the networked systems that make up modern states and the larger, interdependent landscapes they share. Using systems analysis--in which institutional change and economic development are understood as self-organizing complexities--he offers an alternative view of institutional resilience and persistence. From this perspective, Root considers the divergence of East and West; the emergence of the European state, its contrast with the rise of China, and the network properties of their respective innovation systems; the trajectory of democracy in developing regions; and the systemic impact of China on the liberal world order. Complexity science, Root argues, will not explain historical change processes with algorithmic precision, but it may offer explanations that match the messy richness of those processes."--$cProvided by publisher. 606 $aInternational economic relations 606 $aGlobalization 606 $aState, The 606 $aEconomic development 606 $aEvolutionary economics 610 $aECONOMICS/Political Economy 610 $aSOCIAL SCIENCES/Political Science/General 615 0$aInternational economic relations. 615 0$aGlobalization. 615 0$aState, The. 615 0$aEconomic development. 615 0$aEvolutionary economics. 676 $a337 700 $aRoot$b Hilton L.$0251863 801 0$bOCoLC-P 801 1$bOCoLC-P 906 $aBOOK 912 $a9910790791103321 996 $aDynamics among nations$93779224 997 $aUNINA LEADER 01005nam0 22002411i 450 001 UON00194078 005 20231205103226.792 100 $a20030730d1993 |0itac50 ba 101 $aita 102 $aIT 105 $a|||| ||||| 200 1 $a " Terra di mandre e di emigranti " l'economia dell'Aquilano nell'Ottocento$fAngiola De Matteis 210 $aNapoli$cGiannini editore$d1993. 410 1$1001UON00172247$12001 $aUniversita' di Napoli. Quaderni della Facolta' di Scienze Politiche$1210 $aNapoli$cESI 620 $aIT$dNapoli$3UONL000012 700 1$aDE_MATTEIS$bAngiola$3UONV114903$0139812 712 $aGiannini$3UONV246680$4650 801 $aIT$bSOL$c20240220$gRICA 899 $aSIBA - SISTEMA BIBLIOTECARIO DI ATENEO$2UONSI 912 $aUON00194078 950 $aSIBA - SISTEMA BIBLIOTECARIO DI ATENEO$dSI III STORIAEUR D A 1942 $eSI SC 29195 5 1942 996 $aTerra di mandre e di emigranti$963364 997 $aUNIOR